Biblioteka Instytutu Północnego w Olsztynie

Widok standardowy Widok MARC

Pozycja Personal Name

Liczba rekordów, w których użyto hasła: 1

001 - Numer kontrolny

  • control field: 39221

003 - Identyfikator numeru kontrolnego

  • control field: NUKAT

005 - Data i czas ostatniej modyfikacji

  • control field: 20260330142621.0

008 - Dane kontrolne kodowane (40 znaków)

  • fixed length control field: 141215n||azznnbabn |a ana |

010 ## - Numer kontrolny Biblioteki Kongresu

  • numer kontrolny LC: p 2018181069

024 7# - OTHER STANDARD IDENTIFIER

  • Standard number or code: 80152682507223311168
  • Source of number or code: viaf

035 ## - Numer systemowy

  • numer systemowy: a29864690

035 ## - Numer systemowy

  • numer systemowy: (PL)a0000002986469

040 ## - Instytucja sporządzająca rekord

  • inst. przygot. dane do rek. khw: WA N
  • język haseł przedmiotowych/tezaurus: DBN
  • inst. wprow. rek. khw: WA N

043 ## - Kod obszaru geograficznego

  • ISO code: PL

100 3# - Hasło - nazwa osobowa

  • nazwa osobowa w formie ujednoliconej: Rutkowscy
  • dopowiedzenie inne niż daty biograficzne: (rodzina)

368 ## - Other Attributes

  • Other designation: Rodzina

370 ## - Associated place

  • Country: Polska

377 ## - Assoc lang

  • Lang code: pol

400 3# - Trop zob. - nazwa osobowa

  • nazwa osobowa (nazwisko, imiona): Rutkowski
  • dopowiedzenia inne niż daty biograficzne: (rodzina)

670 ## - Źródło informacji

  • źródło informacji: [Dokumenty Rutkowskich z lat 1828-1861]. - [Polska], 1828-1861.
Biblioteka Instytutu Północnego, ul. Partyzantów 87, 10-402 Olsztyn, email: biblioteka(at)ip.olsztyn.pl